000 00793nam a2200253 a 4500
001 000020067
005 20200929170242.0
008 100719s1964 sp 001 j spa d
040 _aDO-SdBNP
_bspa
_cBNPHU
082 _a863.6
_bA996cap, 1964
100 1 _aAzorín,
_d1873-1967
_95278
245 1 0 _aCapricho /
_cAzorín.
250 _a4a ed.
260 _aMadrid :
_bEspasa-Calpe,
_c1964.
300 _a152 p. ;
_c18 cm.
490 1 _aAustral. Azul: novelas y cuentos en general
_v380
500 _aIncluye referencia biográfica del autor en la solapa.
500 _aIncluye índice de autores.
650 4 _aCuentos españoles
_93194
650 4 _aLiteratura española
_9632
830 0 _aAustral.
_pAzul: novelas y cuentos en general ;
_v380
_922386
910 _aWM
049 _aBNGR
999 _c19575
_d19575